书目信息 |
| 题名: |
海洋环境监测
|
|
| 作者: | 唐兆民 著 | |
| 分册: | ||
| 出版信息: | 延吉 延边大学出版社 2018 |
|
| 页数: | 149页 | |
| 开本: | 24cm | |
| 丛书名: | ||
| 单 册: | ||
| 中图分类: | X834 | |
| 科图分类: | ||
| 主题词: | 海洋环境--hai yang huan jing--环境监测 | |
| 电子资源: | ||
| ISBN: | 978-7-5688-2586-3 | |
| 000 | 00891nam0 2200253 45 | |
| 001 | 012001003018 | |
| 005 | 20140126141508.0 | |
| 010 | @a978-7-5688-2586-3@dCNY40.00 | |
| 099 | @aCAL 012019058335 | |
| 100 | @a20190506d2017 em y0chiy50 ea | |
| 101 | 0 | @achi |
| 102 | @aCN@b220000 | |
| 105 | @aak a 000yy | |
| 106 | @ar | |
| 200 | 1 | @a海洋环境监测@Ahai yang huan jing jian ce@f唐兆民著 |
| 210 | @a延吉@c延边大学出版社@d2018 | |
| 215 | @a149页@c图@d24cm | |
| 320 | @a有书目 | |
| 330 | @a本书共分为四章, 海洋环境概述、海洋环境状况、海洋环境调查和海洋环境监测。内容包括: 海洋环境的特点 ; 海洋环境的类型 ; 海洋环境的人为影响因素 ; 海洋环境的自净能力 ; 我国海洋环境现状 ; 海洋环境污染及其危害等。 | |
| 606 | 0 | @a海洋环境@Ahai yang huan jing@x环境监测 |
| 690 | @aX834@v5 | |
| 701 | 0 | @a唐兆民@ATang Zhaomin@4著 |
| 801 | 0 | @aCN@b北京卓展@c20191020 |
| 905 | @b1210100-3@dX834@e288@f4 | |
| 海洋环境监测/唐兆民著.-延吉:延边大学出版社,2018 |
| 149页:图;24cm |
| ISBN 978-7-5688-2586-3:CNY40.00 |
| 本书共分为四章, 海洋环境概述、海洋环境状况、海洋环境调查和海洋环境监测。内容包括: 海洋环境的特点 ; 海洋环境的类型 ; 海洋环境的人为影响因素 ; 海洋环境的自净能力 ; 我国海洋环境现状 ; 海洋环境污染及其危害等。 |
| ● |
| 相关链接 |
|
|
|
|
正题名:海洋环境监测
索取号:X834/288
 
预约/预借
| 序号 | 登录号 | 条形码 | 馆藏地/架位号 | 状态 | 备注 |
| 1 | 1210100 | 212101009 | 第二样本阅览室/ [索取号:X834/288] | 在馆 | |
| 2 | 1210101 | 212101018 | 第三借阅区/ [索取号:X834/288] | 在馆 | |
| 3 | 1210102 | 212101027 | 第三借阅区/ [索取号:X834/288] | 在馆 | |
| 4 | 1210103 | 212101036 | 第三借阅区/ [索取号:X834/288] | 在馆 |